00566nam a2200193Ia 450000500170000000800410001702000150005808200160007310000120008924500650010126000300016630000190019665000120021565000130022765000150024094200060025595200980026199900130035920240709014754.0240331s9999 xx 000 0 und d a0415902002 a160.82bNYE aNye , A 0aWords of power :ba feminist reading of the history of logic aNew yorkbRoutledgec1990 axiii, 190 p ., aHistory aFeminism aPhilosophy cL 001040708LaWERCLbWERCLcSSCd2024-03-31l0o 160.82 NYEp2287r2024-03-31w2024-03-31yL c760d760